15新潟県の市区町村(選択形式) - Statistics

General Stats
  • This quiz has been taken 28 times
  • The average score is 28 of 37
Answers on the Map
Answers color-coded by a green-red scale on the quiz's map according to % correct below.
 
Answer Stats
Answer % Correct
09:長岡市
91%
17:村上市
91%
19:糸魚川市
91%
20:妙高市
91%
22:上越市
91%
24:佐渡市
91%
37:粟島浦村
91%
25:魚沼市
86%
27:胎内市
86%
28:聖籠町
86%
33:湯沢町
86%
35:刈羽村
86%
26:南魚沼市
82%
29:弥彦村
82%
31:阿賀町
82%
34:津南町
82%
36:関川村
82%
11:柏崎市
77%
32:出雲崎町
77%
03:新潟市中央区
73%
10:三条市
73%
12:新発田市
73%
13:小千谷市
73%
15:十日町市
73%
18:燕市
73%
08:新潟市西蒲区
68%
21:五泉市
68%
30:田上町
68%
02:新潟市東区
64%
07:新潟市西区
64%
14:加茂市
64%
16:見附市
64%
23:阿賀野市
64%
05:新潟市秋葉区
59%
04:新潟市江南区
50%
06:新潟市南区
36%
01:新潟市北区
32%
No matching quizzes found
Score Distribution
Percent of People with Each Score
Percentile by Number Answered
Your Score History
You have not taken this quiz